Logo BPK

Biblioteka

Politechniki Koszalińskiej

XIII Sympozjum Wymiany Ciepła i Masy : (Rekord nr 54308)

Szczegóły MARC
000 -ETYKIETA REKORDU
podpole kontrolne o stałej długości 01210nam a2200289 i 4500
001 - NUMER KONTROLNY REKORDU
pole kontrolne bg
015 ## - NUMER BIBLIOGRAFII NARODOWEJ
Numer bibliografii narodowej PB 22817/2007
020 ## - MIĘDZYNARODOWY ZNORMALIZOWANY NUMER KSIĄŻKI - ISBN
ISBN 9788373651289
040 ## - ŹRÓDŁO KATALOGOWANIA
Instytucja, która utworzyła rekord BPK
041 0# - KOD JĘZYKA
Kod języka tekstu pol
-- eng
Kod języka streszczenia lub abstraktu eng
-- pol
044 ## - KOD KRAJU WYDAWCY/PRODUCENTA
Kod kraju wydawcy/producenta POL
080 ## - UNIWERSALNA KLASYFIKACJA DZIESIĘTNA - UKD
UKD 536(06)
920 ## - Międzynarodowy znormalizowany numer książki – ISBN
ISBN 978-83-7365-128-9
008 - POLE O STAŁEJ DŁUGOŚCI - DANE KONTROLNE
podpole kontrolne o stałej długości 071024s2007 pl a f |101 0 pol
111 2# - NAZWA IMPREZY
Nazwa imprezy Sympozjum Wymiany Ciepła i Masy
Oznaczenie części/sekcji/imprezy (13 ;
Data imprezy 2007 ;
Miejsce imprezy Koszalin - Darłówko).
245 10 - TYTUŁ/ODPOWIEDZIALNOŚĆ
Tytuł XIII Sympozjum Wymiany Ciepła i Masy :
Ciąg dalszy tytułu Koszalin - Darłówko, 03-06 września 2007.
Oznaczenie części/sekcji dzieła T. 2 /
Pozostałe elementy strefy tytułu i oznaczenia odpowiedzialności [red. Henryk Charun] ; Komitet Termodynamiki i Spalania Polskiej Akademii Nauk, Katedra Techniki Cieplnej i Chłodnictwa Politechniki Koszalińskiej.
246 30 - WARIANT TYTUŁU
Tytuł Sympozjum Wymiany Ciepła i Masy, 13
260 ## - STREFA ADRESU WYDAWNICZEGO
Miejsce wydania Koszalin :
Nazwa wydawcy/dystrybutora Wydawnictwo Uczelniane Politechniki Koszalińskiej,
Data publikacji, dystrybucji/powstania dokumentu 2007.
300 ## - STREFA OPISU FIZYCZNEGO
Objętość S. 557-1115 :
Inne cechy fizyczne il. ;
Rozmiary 25 cm.
504 ## - UWAGA DOTYCZĄCA BIBLIOGRAFII
Informacje o bibliografii Bibliogr. przy ref. Indeks.
546 ## - UWAGA O JĘZYKU
Uwaga o języku Tekst częśc. ang. Streszcz. ang., pol. przy ref. Spis treści także ang.
650 #9 - HASŁO PRZEDMIOTOWE W FORMIE NAZWY OGÓLNEJ LUB JEDNOSTKOWEJ
Nazwa ogólna lub geograficzna Termodynamika
655 ## - TERMIN INDEKSOWY - OKREŚLENIE RODZAJU/FORMY DOKUMENTU
Określenie rodzaju/formy dokumentu Materiały konferencyjne
700 1# - HASŁO DODATKOWE - NAZWA OSOBOWA
Nazwa osobowa Charun, Henryk.
Określenie związku między hasłem a opisywanym materiałem Red.
856 ## - LOKALIZACJA I DOSTĘP DO ELEKTRONICZNYCH DOKUMENTÓW ZDALNYCH
Link (URL) http://koha.tu.koszalin.pl/cgi-bin/koha/opac-detail.pl?biblionumber=54308
Tekst linku Katalog online BPK
942 ## - DODATKOWE ELEMENTY (KOHA)
Typ dokumentu Książka
Egzemplarze
Wycofany Status egzemplarza Uszkodzony Dostępność Lokalizacja stała Lokalizacja bieżąca Miejsce przechowywania Sygnatura Kod kreskowy Dział Typ dokumentu
      Tylko na miejscu Biblioteka Politechniki Koszalińskiej Biblioteka Politechniki Koszalińskiej Czytelnia BG 85469 02380490 536 Termodynamika Książka
      Dostępny Biblioteka Politechniki Koszalińskiej Biblioteka Politechniki Koszalińskiej Wypożyczalnia BG 85471 02380476   Książka
  Egz. niedostępny   Niedostępny Biblioteka Politechniki Koszalińskiej Biblioteka Politechniki Koszalińskiej Magazyn Rezerw       Książka
      Tylko na miejscu Czytelnia Wydziału Elektroniki i Informatyki, Wydziału Architektury i Wzornictwa, Wydziału Inżynierii Mechanicznej i Energetyki oraz Wydziału Inżynierii Lądowej, Środowiska i Geodezji Czytelnia Wydziału Elektroniki i Informatyki, Wydziału Architektury i Wzornictwa, Wydziału Inżynierii Mechanicznej i Energetyki oraz Wydziału Inżynierii Lądowej, Środowiska i Geodezji Czytelnia Wydziałowa ul. Śniadeckich 2 85470 02380483 536 Ciepło. Termodynamika Książka
© 2023 Biblioteka Politechniki Koszalińskiej :: KOHA